[Event "FIDE World Cup SVK Qual"]
[Site "Tornelo INT"]
[Date "2021.05.15"]
[Round "4"]
[White "Markos, Jan"]
[Black "Druska, Juraj"]
[Result "0-1"]
[WhiteElo "2565"]
[BlackElo "2494"]
[PlyCount "198"]
[EventDate "2021.05.15"]
[EventType "tourn"]
[EventRounds "7"]
[EventCountry "SVK"]
[EventCategory "11"]
[SourceTitle "CBM 202 Extra"]
[Source "ChessBase"]
[SourceDate "2021.07.31"]
[SourceVersion "1"]
[SourceVersionDate "2021.07.31"]
[SourceQuality "1"]

1. Nf3 d5 2. g3 c6 3. Bg2 Bg4 4. 0-0 Nd7 5. d3 Ngf6 6. h3 Bh5 7. c4 e6 8. cxd5 cxd5 9. Nc3 Bxf3 10. Bxf3 Bc5 11. Bf4 0-0 12. d4 Be7 13. Qd3 Qb6 14. Rfc1 Rfc8 15. Rc2 Rc4 16. Be3 Rac8 17. Rac1 Qa6 18. b3 R4c7 19. Qxa6 bxa6 20. Bd2 Ba3 21. Rb1 Bb4 22. Rbc1 Ba3 23. Rb1 a5 24. e3 Nb8 25. Bc1 Bb4 26. Bb2 a4 27. bxa4 Nbd7 28. Rbc1 Ne4 29. Bxe4 dxe4 30. a3 Ba5 31. d5 exd5 32. Nxd5 Rxc2 33. Ne7+ Kf8 34. Nxc8 Rxb2 35. Nxa7 Bb6 36. Rc8+ Ke7 37. Nc6+ Kd6 38. a5 Bc7 39. a6 Rb3 40. Nd4 Rb1+ 41. Kg2 Bb6 42. Nf5+ Ke5 43. Nxg7 Ra1 44. Re8+ Kd5 45. Re7 Ne5 46. Rb7 Kc6 47. Re7 Kd5 48. Rb7 Bc5 49. Rb3 Nf3 50. h4 Bxa3 51. Ne8 Bc5 52. Rb5 Kc6 53. Nc7 f5 54. Rb7 Bd6 55. Ne8 Be5 56. Rxh7 Rxa6 57. Rh6+ Kb5 58. Rxa6 Kxa6 59. h5 Ng5 60. h6 Nf7 61. h7 Kb7 62. Kh3 Kc6 63. g4 fxg4+ 64. Kxg4 Kd7 65. Kf5 Kxe8 66. Kxe4 Bb2 67. Kf5 Kf8 68. f4 Kg7 69. Ke6 Bc1 70. e4 Bxf4 71. e5 Nxe5 72. Kf5 Bh2 73. Ke6 Kxh7 74. Kf6 Kh6 75. Kf5 Kh5 76. Ke4 Kg4 77. Kd5 Kf5 78. Kd6 Bg1 79. Kd5 Nf7 80. Kc6 Ke6 81. Kc7 Ne5 82. Kb7 Kd6 83. Kb8 Kc6 84. Ka8 Nc4 85. Kb8 Nb6 86. Ka7 Bh2 87. Ka6 Bb8 88. Ka5 Nd5 89. Ka6 Nb4+ 90. Ka5 Kc5 91. Ka4 Kc4 92. Ka5 Bc7+ 93. Ka4 Nd3 94. Ka3 Bb6 95. Ka4 Nb2+ 96. Ka3 Kc3 97. Ka2 Nc4 98. Kb1 Be3 99. Ka2 Kc2 0-1

[Event "FIDE World Cup SVK Qual"]
[Site "Tornelo INT"]
[Date "2021.05.15"]
[Round "1"]
[White "Markos, Jan"]
[Black "Gazik, Viktor"]
[Result "1-0"]
[WhiteElo "2565"]
[BlackElo "2542"]
[PlyCount "117"]
[EventDate "2021.05.15"]
[EventType "tourn"]
[EventRounds "7"]
[EventCountry "SVK"]
[EventCategory "11"]
[SourceTitle "CBM 202 Extra"]
[Source "ChessBase"]
[SourceDate "2021.07.31"]
[SourceVersion "1"]
[SourceVersionDate "2021.07.31"]
[SourceQuality "1"]

1. Nf3 g6 2. g3 Bg7 3. Bg2 Nf6 4. 0-0 0-0 5. d4 d6 6. c4 Nc6 7. d5 Na5 8. Na3 c5 9. Re1 a6 10. e4 Bg4 11. Rb1 Rb8 12. h3 Bxf3 13. Qxf3 Nd7 14. Qe2 e6 15. Be3 Qc7 16. Rec1 Rfe8 17. Qd2 b6 18. b3 Nf6 19. Qd3 Qd7 20. Bd2 Nb7 21. Nc2 b5 22. Ne3 h5 23. h4 b4 24. Rc2 Qe7 25. Re1 Rbd8 26. a4 exd5 27. exd5 Nd7 28. Qf1 Qf6 29. Bc1 Na5 30. Bb2 Qxb2 31. Rxb2 Bxb2 32. g4 Bc3 33. Rb1 hxg4 34. Nxg4 Nxb3 35. Qd3 Nd4 36. h5 Kg7 37. hxg6 fxg6 38. Be4 Ne5 39. Nxe5 Rxe5 40. f4 Rh5 41. Bxg6 Rh4 42. Be4 Rdh8 43. Bg2 Kf6 44. Rf1 Nf5 45. Rf3 Bd4+ 46. Kf1 Re8 47. Bh3 Ne7 48. Qe4 Kf7 49. Be6+ Kf6 50. Bd7 Rh1+ 51. Ke2 Rh2+ 52. Kd3 Kf7 53. Qe6+ Kf8 54. Bxe8 Kxe8 55. f5 Kf8 56. f6 Ng6 57. Qc8+ Kf7 58. Qd7+ Kf8 59. Qg7+ 1-0

[Event "FIDE World Cup SVK Qual"]
[Site "Tornelo INT"]
[Date "2021.05.15"]
[Round "6"]
[White "Markos, Jan"]
[Black "Neugebauer, Martin"]
[Result "1-0"]
[WhiteElo "2565"]
[BlackElo "2485"]
[PlyCount "79"]
[EventDate "2021.05.15"]
[EventType "tourn"]
[EventRounds "7"]
[EventCountry "SVK"]
[EventCategory "11"]
[SourceTitle "CBM 202 Extra"]
[Source "ChessBase"]
[SourceDate "2021.07.31"]
[SourceVersion "1"]
[SourceVersionDate "2021.07.31"]
[SourceQuality "1"]

1. Nf3 Nf6 2. g3 e6 3. Bg2 d5 4. 0-0 Be7 5. d3 0-0 6. Nbd2 c5 7. e4 Nc6 8. Re1 b5 9. e5 Nd7 10. Nf1 a5 11. h4 Qc7 12. Bf4 a4 13. Ne3 Bb7 14. h5 a3 15. b3 Nd4 16. Nxd4 cxd4 17. Nxd5 Bxd5 18. Bxd5 exd5 19. e6 Bd6 20. Bxd6 Qxd6 21. exd7 Qxd7 22. h6 gxh6 23. Qh5 Ra6 24. Qe5 Rc6 25. Qxd4 Rxc2 26. Re5 Rd8 27. Rae1 Rxa2 28. Re7 Qc6 29. Qg4+ Kf8 30. Qf4 Qg6 31. R1e6 Ra1+ 32. Kg2 Qh5 33. Rxf7+ Qxf7 34. Rf6 Rd7 35. Rxf7+ Rxf7 36. Qb8+ Kg7 37. Qe5+ Kg6 38. Qxa1 b4 39. Qh8 Ra7 40. Qb8 1-0

[Event "FIDE World Cup SVK Qual"]
[Site "Tornelo INT"]
[Date "2021.05.15"]
[Round "7"]
[White "Pechac, Jergus"]
[Black "Markos, Jan"]
[Result "1-0"]
[WhiteElo "2519"]
[BlackElo "2565"]
[PlyCount "157"]
[EventDate "2021.05.15"]
[EventType "tourn"]
[EventRounds "7"]
[EventCountry "SVK"]
[EventCategory "11"]
[SourceTitle "CBM 202 Extra"]
[Source "ChessBase"]
[SourceDate "2021.07.31"]
[SourceVersion "1"]
[SourceVersionDate "2021.07.31"]
[SourceQuality "1"]

1. Nf3 Nf6 2. c4 g6 3. Nc3 Bg7 4. e4 d6 5. d4 0-0 6. Be2 e5 7. 0-0 Nc6 8. d5 Ne7 9. Ne1 Nd7 10. Be3 f5 11. f3 f4 12. Bf2 g5 13. Rc1 Ng6 14. c5 Nxc5 15. b4 Na6 16. Nd3 Rf7 17. Nb5 b6 18. Be1 Bd7 19. Nf2 Bxb5 20. Bxb5 Nb8 21. Qc2 a6 22. Be2 Qd7 23. Bd2 h5 24. g4 h4 25. Qc4 Bf6 26. Rc3 Bd8 27. Rfc1 Qc8 28. Qb3 Qb7 29. R3c2 Kg7 30. Nd3 Nf8 31. a3 Ra7 32. Qb2 Ng6 33. Rc4 Qc8 34. Be1 Qd7 35. Bf2 Rb7 36. Bd1 Qe8 37. Bb3 Kh6 38. Kg2 Kh7 39. Qc2 Qf8 40. Rc3 h3+ 41. Kf1 Qh6 42. Ba4 b5 43. Bb3 Nh4 44. Ne1 Kh8 45. Rc6 Ng2 46. Nxg2 hxg2+ 47. Kxg2 Rh7 48. h4 gxh4 49. Kh3 Qf8 50. Qc3 Qe8 51. Ra1 Nxc6 52. dxc6 Rb8 53. Bd5 Bf6 54. a4 Ra8 55. axb5 axb5 56. Ba7 Kg7 57. Ra5 Rh8 58. Qa3 Qe7 59. Rxb5 Rhc8 60. Rb7 Qe8 61. b5 Kh6 62. b6 Bd8 63. Qb3 cxb6 64. Bf7 Qh8 65. Qe6+ Qf6 66. Qd7 Be7 67. Bd5 Re8 68. c7 Rac8 69. Rb8 Qf8 70. Be6 Rcd8 71. cxd8R Rxd8 72. Rxd8 Qxd8 73. Qxd8 Bxd8 74. Bb8 Be7 75. Bc4 Kg5 76. Bc7 Kh6 77. Bxb6 Kg5 78. Bc7 Kh6 79. Ba5 1-0

[Event "FIDE World Cup SVK Qual"]
[Site "Tornelo INT"]
[Date "2021.05.15"]
[Round "2"]
[White "Petenyi, Tamas"]
[Black "Markos, Jan"]
[Result "1/2-1/2"]
[WhiteElo "2468"]
[BlackElo "2565"]
[PlyCount "48"]
[EventDate "2021.05.15"]
[EventType "tourn"]
[EventRounds "7"]
[EventCountry "SVK"]
[EventCategory "11"]
[SourceTitle "CBM 202 Extra"]
[Source "ChessBase"]
[SourceDate "2021.07.31"]
[SourceVersion "1"]
[SourceVersionDate "2021.07.31"]
[SourceQuality "1"]

1. e4 c5 2. Nf3 Nc6 3. Bb5 d6 4. c3 Qb6 5. Ba4 Nf6 6. 0-0 Bg4 7. d4 Bxf3 8. Qxf3 cxd4 9. cxd4 Qxd4 10. Nc3 e5 11. Be3 Qb4 12. a3 Qa5 13. b4 Qd8 14. b5 Nb8 15. b6+ Nbd7 16. Bg5 Be7 17. Bxf6 Bxf6 18. Nd5 0-0 19. Bxd7 Qxd7 20. Qxf6 gxf6 21. Nxf6+ Kg7 22. Nxd7 Rfd8 23. Nxe5 dxe5 24. Rfb1 axb6 1/2-1/2

[Event "CZE-chT2E 1920"]
[Site "Czech Republic"]
[Date "2020.02.23"]
[Round "9.1"]
[White "Markos, Jan"]
[Black "Majer, Jiri"]
[Result "1-0"]
[WhiteElo "2571"]
[BlackElo "2212"]
[PlyCount "87"]
[EventDate "2019.10.13"]
[EventType "team-tourn"]
[EventRounds "11"]
[EventCountry "CZE"]
[SourceTitle "EXT 2024"]
[Source "ChessBase"]
[SourceDate "2023.10.10"]
[SourceVersion "1"]
[SourceVersionDate "2023.10.10"]
[SourceQuality "1"]
[WhiteTeam "Lipovec Garde"]
[BlackTeam "Kurim"]
[WhiteTeamCountry "CZE"]
[BlackTeamCountry "CZE"]

1. d4 Nf6 2. c4 g6 3. Nc3 Bg7 4. e4 d6 5. Nf3 0-0 6. Be2 e5 7. d5 a5 8. Bg5 Na6 9. Nd2 Bd7 10. 0-0 h6 11. Bh4 Qe8 12. b3 Nh7 13. a3 f5 14. exf5 gxf5 15. Bh5 Qc8 16. Be7 e4 17. Bxf8 Qxf8 18. Rc1 Nf6 19. Be2 Re8 20. Qc2 Qe7 21. Rfe1 Qe5 22. Bf1 Ng4 23. g3 Qd4 24. Nd1 e3 25. Nf3 Qe4 26. Kg2 Nc5 27. Nxe3 Qxc2 28. Nxc2 Nxb3 29. Rxe8+ Bxe8 30. Re1 Ne5 31. Nfd4 Ba4 32. Nxf5 Nd2 33. Ncd4 Nxf1 34. Kxf1 Nxc4 35. Nxg7 Kxg7 36. Re7+ Kf6 37. Rxc7 b5 38. Nc6 Nxa3 39. Nxa5 Ke5 40. f4+ Kxd5 41. Re7 Nc4 42. Nxc4 bxc4 43. f5 c3 44. Ke1 1-0

[Event "SVK-chT 1920"]
[Site "Slovakia"]
[Date "2020.01.18"]
[Round "5.2"]
[White "Markos, Jan"]
[Black "Rojicek, Vojtech"]
[Result "1/2-1/2"]
[WhiteElo "2571"]
[BlackElo "2385"]
[PlyCount "48"]
[EventDate "2019.10.19"]
[EventType "team-tourn"]
[EventRounds "11"]
[EventCountry "SVK"]
[SourceTitle "CBM 194 Extra"]
[Source "ChessBase"]
[SourceDate "2020.03.31"]
[SourceVersion "1"]
[SourceVersionDate "2020.03.31"]
[SourceQuality "1"]
[WhiteTeam "Humenne Reinter"]
[BlackTeam "Liptov Chess School"]
[WhiteTeamCountry "SVK"]
[BlackTeamCountry "SVK"]

1. d4 Nf6 2. c4 d6 3. Nf3 g6 4. Nc3 Nbd7 5. g3 Bg7 6. Bg2 0-0 7. 0-0 e5 8. e4 exd4 9. Nxd4 Re8 10. h3 Nc5 11. Re1 a5 12. Bf4 Nfd7 13. Be3 c6 14. b3 Ne5 15. Qe2 a4 16. Rad1 Qa5 17. Qc2 Qb4 18. f4 Ned7 19. Rb1 axb3 20. axb3 Ra3 21. Na2 Qb6 22. Nc1 Qb4 23. Na2 Qb6 24. Nc1 Qb4 1/2-1/2

[Event "CZE-chT 1920"]
[Site "Czech Republic"]
[Date "2019.11.30"]
[Round "3.3"]
[White "Markos, Jan"]
[Black "Kempinski, Robert"]
[Result "1/2-1/2"]
[WhiteElo "2572"]
[BlackElo "2578"]
[PlyCount "30"]
[EventDate "2019.10.12"]
[EventType "team-tourn"]
[EventRounds "11"]
[EventCountry "CZE"]
[SourceTitle "CBM 193 Extra"]
[Source "ChessBase"]
[SourceDate "2020.01.31"]
[SourceVersion "1"]
[SourceVersionDate "2020.01.31"]
[SourceQuality "1"]
[WhiteTeam "Kromeriz Slavia"]
[BlackTeam "Poruba Slavoj"]
[WhiteTeamCountry "CZE"]
[BlackTeamCountry "CZE"]

1. d4 Nf6 2. c4 c6 3. Nc3 d5 4. e3 g6 5. Nf3 Bg7 6. Bd3 0-0 7. h3 a6 8. a4 c5 9. dxc5 dxc4 10. Bxc4 Qxd1+ 11. Kxd1 Nbd7 12. Ke2 Nxc5 13. Rd1 Bd7 14. Ne5 Bf5 15. Nd3 Bxd3+ 1/2-1/2

[Event "SVK-chT 1920"]
[Site "Slovakia"]
[Date "2019.11.23"]
[Round "3.1"]
[White "Markos, Jan"]
[Black "Pechac, Jergus"]
[Result "1-0"]
[WhiteElo "2571"]
[BlackElo "2482"]
[PlyCount "55"]
[EventDate "2019.10.19"]
[EventType "team-tourn"]
[EventRounds "11"]
[EventCountry "SVK"]
[SourceTitle "CBM 193 Extra"]
[Source "ChessBase"]
[SourceDate "2020.01.31"]
[SourceVersion "1"]
[SourceVersionDate "2020.01.31"]
[SourceQuality "1"]
[WhiteTeam "Humenne Reinter"]
[BlackTeam "Zilina Mladost"]
[WhiteTeamCountry "SVK"]
[BlackTeamCountry "SVK"]

1. d4 Nf6 2. c4 g6 3. Nc3 Bg7 4. e4 0-0 5. Nf3 d6 6. Be2 e5 7. d5 a5 8. Bg5 Na6 9. 0-0 h6 10. Bh4 Qe8 11. Nd2 Bd7 12. b3 Nh7 13. a3 h5 14. f3 Bh6 15. Rb1 Be3+ 16. Bf2 Bd4 17. Bxd4 exd4 18. Nb5 Bxb5 19. cxb5 Nc5 20. Nc4 d3 21. Bxd3 Nxd3 22. Qxd3 Qxb5 23. Qd4 b6 24. Rfc1 Qc5 25. Qf2 Ra7 26. Ne3 Qxa3 27. Nc2 Qa2 28. Qd4 1-0

[Event "SVK-chT 1819"]
[Site "Slovakia"]
[Date "2019.03.09"]
[Round "7.3"]
[White "Markos, Jan"]
[Black "Balogh, Csaba"]
[Result "1-0"]
[WhiteElo "2568"]
[BlackElo "2629"]
[PlyCount "80"]
[EventDate "2018.11.10"]
[EventType "team-tourn"]
[EventRounds "11"]
[EventCountry "SVK"]
[SourceTitle "CBM 189 Extra"]
[Source "ChessBase"]
[SourceDate "2019.05.31"]
[SourceVersion "1"]
[SourceVersionDate "2019.05.31"]
[SourceQuality "1"]
[WhiteTeam "Snina Reinter"]
[BlackTeam "Modra"]
[WhiteTeamCountry "SVK"]
[BlackTeamCountry "SVK"]

1. Nf3 d5 2. g3 c6 3. Bg2 Bg4 4. 0-0 Nf6 5. d4 e6 6. Nbd2 h6 7. b3 Be7 8. Bb2 0-0 9. Ne5 Bf5 10. f3 c5 11. e4 Bh7 12. dxc5 Bxc5+ 13. Kh1 Nc6 14. Nxc6 bxc6 15. Qe2 a5 16. a4 Re8 17. f4 Bb4 18. e5 Nd7 19. Nf3 Qb6 20. Nd4 Qa6 21. Rf2 Qxe2 22. Rxe2 Rac8 23. g4 c5 24. Nb5 c4 25. Nd6 Bxd6 26. exd6 Red8 27. f5 c3 28. Ba3 Nf6 29. Rae1 d4 30. Rd1 e5 31. Rxe5 Nxg4 32. Re2 Bxf5 33. Rxd4 Re8 34. Re7 Nf6 35. Bb7 Rcd8 36. Rc4 Bh3 37. Kg1 Ng4 38. Rxe8+ Rxe8 39. Rc8 Nf6 40. Rxe8+ Nxe8 1-0

[Event "SVK-chT 1819"]
[Site "Slovakia"]
[Date "2019.02.17"]
[Round "6.2"]
[White "Markos, Jan"]
[Black "Antoniewski, Rafal"]
[Result "1-0"]
[WhiteElo "2568"]
[BlackElo "2521"]
[PlyCount "77"]
[EventDate "2018.11.10"]
[EventType "team-tourn"]
[EventRounds "11"]
[EventCountry "SVK"]
[SourceTitle "CBM 188 Extra"]
[Source "ChessBase"]
[SourceDate "2019.02.28"]
[SourceVersion "1"]
[SourceVersionDate "2019.02.28"]
[SourceQuality "1"]
[WhiteTeam "Snina Reinter"]
[BlackTeam "Dunajov Inbest"]
[WhiteTeamCountry "SVK"]
[BlackTeamCountry "SVK"]

1. d4 d5 2. c4 dxc4 3. Nf3 a6 4. e3 b5 5. a4 Bb7 6. b3 e6 7. bxc4 bxc4 8. Bxc4 Nf6 9. 0-0 Nbd7 10. Nbd2 c5 11. Rb1 Ra7 12. Bb2 Be7 13. dxc5 Nxc5 14. Bd4 0-0 15. Qe2 Nfd7 16. Rfc1 Qa8 17. Ne5 Nxe5 18. Bxe5 Rc8 19. Qg4 Bf8 20. Bd4 Rd8 21. Nb3 h5 22. Qg5 Rxd4 23. Nxd4 Be4 24. Rb6 g6 25. f3 Be7 26. Qf4 Rb7 27. a5 Rxb6 28. axb6 Bb7 29. Nb3 Qf8 30. Na5 Qd8 31. Nxb7 Nxb7 32. Qd4 Qc8 33. Kh1 Qc6 34. Rb1 Nc5 35. Bd3 f5 36. b7 Nxb7 37. Qa7 Qd6 38. Be2 Nc5 39. Rd1 1-0

[Event "SVK-chT 1819"]
[Site "Slovakia"]
[Date "2018.12.09"]
[Round "4.2"]
[White "Gazik, Viktor"]
[Black "Markos, Jan"]
[Result "0-1"]
[WhiteElo "2483"]
[BlackElo "2568"]
[PlyCount "62"]
[EventDate "2018.11.10"]
[EventType "team-tourn"]
[EventRounds "11"]
[EventCountry "SVK"]
[SourceTitle "CBM 187 Extra"]
[Source "ChessBase"]
[SourceDate "2018.11.04"]
[SourceVersion "1"]
[SourceVersionDate "2018.11.04"]
[SourceQuality "1"]
[WhiteTeam "Podhajska Aquamarin"]
[BlackTeam "Snina Reinter"]
[WhiteTeamCountry "SVK"]
[BlackTeamCountry "SVK"]

1. e4 c5 2. Nc3 Nc6 3. Bb5 Nd4 4. Nf3 Nxb5 5. Nxb5 d6 6. c4 Nf6 7. Nc3 g6 8. 0-0 Bg7 9. d4 cxd4 10. Nxd4 0-0 11. h3 b6 12. Be3 Bb7 13. Qd3 Rc8 14. Rac1 Nd7 15. b3 Nc5 16. Qb1 Qd7 17. f3 f5 18. exf5 gxf5 19. b4 f4 20. Bf2 Ne6 21. Nxe6 Qxe6 22. Rfe1 Be5 23. Ne4 Kh8 24. Kh2 Rf5 25. c5 Rg8 26. cxd6 Rh5 27. Rh1 exd6 28. Rc7 Bc8 29. Kg1 Qg6 30. Qf1 Ba6 31. b5 Bxb5 0-1

[Event "CZE-chT 1819"]
[Site "Czech Republic"]
[Date "2018.12.01"]
[Round "3.1"]
[White "Slampa, Jan"]
[Black "Markos, Jan"]
[Result "0-1"]
[WhiteElo "2231"]
[BlackElo "2571"]
[PlyCount "64"]
[EventDate "2018.11.03"]
[EventType "team-tourn"]
[EventRounds "11"]
[EventCountry "CZE"]
[SourceTitle "CBM 187 Extra"]
[Source "ChessBase"]
[SourceDate "2018.11.04"]
[SourceVersion "1"]
[SourceVersionDate "2018.11.04"]
[SourceQuality "1"]
[WhiteTeam "Unichess II"]
[BlackTeam "Novoborsky"]
[WhiteTeamCountry "CZE"]
[BlackTeamCountry "CZE"]

1. d4 Nf6 2. c4 c5 3. d5 b5 4. cxb5 a6 5. b6 d6 6. Nc3 Nbd7 7. e4 g6 8. Be2 Bg7 9. f4 0-0 10. Nf3 Qxb6 11. Nd2 Qc7 12. 0-0 Bb7 13. Nc4 Nb6 14. Be3 Nxe4 15. Nxe4 Nxd5 16. Nc3 Nxe3 17. Nxe3 Bd4 18. Qd2 d5 19. Ncd1 e5 20. f5 Qd8 21. f6 e4 22. Rc1 Rc8 23. b4 Bxf6 24. Rxc5 Rxc5 25. bxc5 d4 26. Qb4 Ba8 27. Ng4 Bg7 28. Bxa6 Qg5 29. h3 e3 30. Bb7 Bxb7 31. Qxb7 e2 32. Re1 Qd2 0-1

[Event "HUN-chT 1718"]
[Site "Hungary"]
[Date "2018.02.18"]
[Round "6.3"]
[White "Marosi, Levente"]
[Black "Markos, Jan"]
[Result "0-1"]
[WhiteElo "2293"]
[BlackElo "2553"]
[PlyCount "56"]
[EventDate "2017.11.25"]
[EventType "team-tourn"]
[EventRounds "9"]
[EventCountry "HUN"]
[SourceTitle "EXT 2019"]
[Source "ChessBase"]
[SourceDate "2018.10.10"]
[SourceVersion "1"]
[SourceVersionDate "2018.10.10"]
[SourceQuality "1"]
[WhiteTeam "Budapest MTK"]
[BlackTeam "HVSE Infraplan"]
[WhiteTeamCountry "HUN"]
[BlackTeamCountry "HUN"]

1. e4 c5 2. c4 Nc6 3. Nc3 g6 4. g3 Bg7 5. Bg2 d6 6. Nge2 h5 7. h3 e6 8. d3 Nge7 9. Bg5 a6 10. Qd2 Rb8 11. 0-0 b5 12. Rab1 Qa5 13. b3 Bd7 14. Qf4 f6 15. Bxf6 Rf8 16. cxb5 axb5 17. Qxd6 Bxf6 18. Qxc5 b4 19. Na4 Qxc5 20. Nxc5 Nd4 21. Rfe1 Nxe2+ 22. Rxe2 Bd4 23. Nxd7 Kxd7 24. Rc1 Nc6 25. Rc4 e5 26. Rec2 Bc3 27. a3 Nd4 28. Ra2 Ra8 0-1

[Event "EU-chT (Men) 21st"]
[Site "Heraklion"]
[Date "2017.10.29"]
[Round "2.2"]
[White "Bluebaum, Matthias"]
[Black "Markos, Jan"]
[Result "1/2-1/2"]
[WhiteElo "2643"]
[BlackElo "2559"]
[PlyCount "66"]
[EventDate "2017.10.28"]
[EventType "team-swiss"]
[EventRounds "9"]
[EventCountry "GRE"]
[SourceTitle "CBM 182"]
[Source "ChessBase"]
[SourceDate "2018.01.17"]
[SourceVersion "1"]
[SourceVersionDate "2018.01.17"]
[SourceQuality "1"]
[WhiteTeam "Germany"]
[BlackTeam "Slovakia"]
[WhiteTeamCountry "GER"]
[BlackTeamCountry "SVK"]

1. d4 Nf6 2. c4 g6 3. Nc3 Bg7 4. e4 0-0 5. Be2 d6 6. Be3 e5 7. d5 Na6 8. h4 Nc5 9. Qc2 c6 10. h5 cxd5 11. cxd5 Qa5 12. Bd2 Nxh5 13. a3 Qb6 14. b4 Nd7 15. Bxh5 gxh5 16. Rxh5 Nf6 17. Rh4 Ng4 18. Nh3 f5 19. Qd1 Qd4 20. Qe2 fxe4 21. Rc1 h5 22. Nb5 Qd3 23. Nxd6 Qxd5 24. Nxe4 Bf5 25. Nhg5 Rac8 26. Rxc8 Rxc8 27. f3 Nf6 28. Nxf6+ Bxf6 29. Rxh5 Rc4 30. Nh3 Bg6 31. Rh6 Kg7 32. Nf2 Rc2 33. Ne4 Bxe4 1/2-1/2

[Event "SVK-chT 1718"]
[Site "Slovakia"]
[Date "2017.09.30"]
[Round "1.1"]
[White "Markos, Jan"]
[Black "Aczel, Gergely"]
[Result "0-1"]
[WhiteElo "2559"]
[BlackElo "2532"]
[PlyCount "68"]
[EventDate "2017.09.30"]
[EventType "team-tourn"]
[EventRounds "11"]
[EventCountry "SVK"]
[SourceTitle "EXT 2018"]
[Source "ChessBase"]
[SourceDate "2017.10.13"]
[SourceVersion "1"]
[SourceVersionDate "2017.10.13"]
[SourceQuality "1"]
[WhiteTeam "Snina Reinter"]
[BlackTeam "Podhajska Aquamarin"]
[WhiteTeamCountry "SVK"]
[BlackTeamCountry "SVK"]

1. Nf3 d5 2. g3 c6 3. Bg2 Bg4 4. 0-0 Nf6 5. d4 e6 6. Nbd2 Nbd7 7. Re1 Be7 8. e4 0-0 9. c3 Bh5 10. Qb3 Qb6 11. exd5 cxd5 12. Ne5 Nxe5 13. Rxe5 Bg6 14. Re1 Qxb3 15. Nxb3 Rfc8 16. Bg5 b5 17. Rac1 a5 18. a3 h6 19. Bxf6 Bxf6 20. Nc5 b4 21. Nd7 bxa3 22. bxa3 Bg5 23. f4 Be7 24. Bxd5 Ra7 25. Nb6 Rb8 26. Bxe6 fxe6 27. Rxe6 Bf5 28. Rc6 Bxa3 29. Re1 Ra6 30. Re5 Bd3 31. Ree6 Bf5 32. Re5 Bd3 33. Ree6 a4 34. d5 Raxb6 0-1

[Event "SVK-chT 1617"]
[Site "Slovakia"]
[Date "2017.03.24"]
[Round "9.1"]
[White "Markos, Jan"]
[Black "Stocek, Jiri"]
[Result "1/2-1/2"]
[WhiteElo "2572"]
[BlackElo "2556"]
[PlyCount "65"]
[EventDate "2016.10.22"]
[EventType "team-tourn"]
[EventRounds "11"]
[EventCountry "SVK"]
[SourceTitle "CBM 177 Extra"]
[Source "ChessBase"]
[SourceDate "2017.04.27"]
[SourceVersion "1"]
[SourceVersionDate "2017.04.27"]
[SourceQuality "1"]
[WhiteTeam "Humenne Reinter"]
[BlackTeam "Kosice Slavia UPJS"]
[WhiteTeamCountry "SVK"]
[BlackTeamCountry "SVK"]

1. Nf3 e6 2. g3 b6 3. Bg2 Bb7 4. 0-0 Nf6 5. c4 c5 6. Nc3 a6 7. b3 d6 8. Bb2 Nbd7 9. e3 Be7 10. d4 0-0 11. d5 exd5 12. Nh4 g6 13. Nxd5 Nxd5 14. Bxd5 Bxd5 15. Qxd5 b5 16. Ng2 Bf6 17. Bxf6 Nxf6 18. Qf3 bxc4 19. bxc4 Rb8 20. Rfb1 Qe7 21. Nf4 Qe5 22. Rd1 Kg7 23. Rab1 Ne4 24. Rb3 Rfe8 25. h4 h5 26. Kg2 Rxb3 27. axb3 a5 28. Rd3 Qa1 29. Qd1 Qb2 30. Qe2 Qb1 31. Qd1 Qb2 32. Qe2 Qb1 33. Qd1 1/2-1/2

[Event "CZE-chT2E 1617"]
[Site "Czech Republic"]
[Date "2017.01.29"]
[Round "7.1"]
[White "Markos, Jan"]
[Black "Kalod, Radek"]
[Result "1/2-1/2"]
[WhiteElo "2570"]
[BlackElo "2479"]
[PlyCount "57"]
[EventDate "2016.09.10"]
[EventType "team-tourn"]
[EventRounds "11"]
[EventCountry "CZE"]
[SourceTitle "EXT 2022"]
[Source "ChessBase"]
[SourceDate "2021.10.06"]
[SourceVersion "1"]
[SourceVersionDate "2021.10.06"]
[SourceQuality "1"]
[WhiteTeam "Vyskov"]
[BlackTeam "Lipovec Garde"]
[WhiteTeamCountry "CZE"]
[BlackTeamCountry "CZE"]

1. Nf3 Nf6 2. g3 g6 3. b4 Bg7 4. Bb2 0-0 5. c4 c6 6. Bg2 d5 7. cxd5 cxd5 8. 0-0 Re8 9. d3 Nbd7 10. Nbd2 e5 11. e4 b5 12. exd5 Bb7 13. Ne4 Qb8 14. d6 Nxe4 15. dxe4 Re6 16. Ng5 Rxd6 17. Qb3 Qf8 18. f4 Rd2 19. Rad1 Rxd1 20. Rxd1 Nb6 21. Bxe5 Bxe5 22. fxe5 Qe7 23. Rf1 Rf8 24. e6 f6 25. Nf7 Nc4 26. Qc3 Kg7 27. e5 fxe5 28. Bxb7 Qxb7 29. Nxe5 1/2-1/2

[Event "AUT-chT2O 1617"]
[Site "Austria"]
[Date "2016.11.13"]
[Round "4.6"]
[White "Markos, Jan"]
[Black "Mazur, Stefan"]
[Result "1-0"]
[WhiteElo "2572"]
[BlackElo "2446"]
[PlyCount "67"]
[EventDate "2016.10.15"]
[EventType "team-tourn"]
[EventRounds "11"]
[EventCountry "AUT"]
[SourceTitle "CBM 175 Extra"]
[Source "ChessBase"]
[SourceDate "2016.12.12"]
[SourceVersion "1"]
[SourceVersionDate "2016.12.12"]
[SourceQuality "1"]
[WhiteTeam "Pamhagen"]
[BlackTeam "Austria"]
[WhiteTeamCountry "AUT"]
[BlackTeamCountry "AUT"]

1. Nf3 Nf6 2. g3 g6 3. Bg2 Bg7 4. 0-0 0-0 5. d4 d6 6. c4 Nc6 7. d5 Na5 8. Na3 c5 9. Re1 a6 10. e4 e5 11. Rb1 b6 12. Nd2 Bh6 13. b3 Bd7 14. Bb2 b5 15. Rf1 Nh5 16. Qe2 b4 17. Nc2 Nb7 18. Ne1 a5 19. a4 bxa3 20. Bxa3 a4 21. b4 cxb4 22. Rxb4 Qc7 23. Nd3 Nc5 24. Rfb1 Nf6 25. Nxc5 Qxc5 26. Nf3 Rfc8 27. Qb2 Nxe4 28. Rb7 Qxc4 29. Rxd7 Rcb8 30. Qxb8+ Rxb8 31. Rxb8+ Kg7 32. Nxe5 dxe5 33. Bf8+ Kf6 34. Bxh6 1-0